000 00633nam a2200229Ia 4500
003 OSt
005 20221007071833.0
006 a|||||r|||| 00| 0
007 ta
008 221006b |||||||| |||| 00| 0 eng d
024 _a20,220
037 _cTextual
040 _aFLL
_cFLL
_beng
041 _2eng
_aeng
082 _aX9:977.8.N7, J9
100 _aFoenander O.D.
_9683167
245 0 _aIndustrial conciliation and arbitration in Australia
260 _aLondon
_bLaw Book Co. England
_c1959
300 _a127p
_ccm.
942 _hX9:977.8.N7, J9
_cTEXL
_2CC
999 _c1144453
_d1144453